[Event "Bodensee Seniors op"]
[Site "Bregenz"]
[Date "2023.05.18"]
[Round "6"]
[White "Taube, Hubertus"]
[Black "Clemens, Christian"]
[Result "1/2-1/2"]
[WhiteElo "2003"]
[BlackElo "2238"]
[PlyCount "33"]
[EventDate "2023.05.13"]
[EventType "swiss"]
[EventRounds "7"]
[EventCountry "AUT"]
[SourceTitle "CBM 214 Extra"]
[Source "ChessBase"]
[SourceDate "2023.07.31"]
[SourceVersion "1"]
[SourceVersionDate "2023.07.31"]
[SourceQuality "1"]

1. d4 f5 2. g3 Nf6 3. Bg2 e6 4. Nf3 d5 5. 0-0 Bd6 6. c4 c6 7. Nc3 0-0 8. Qb3 Ne4 9. Ne5 Bxe5 10. dxe5 Nd7 11. cxd5 cxd5 12. f4 b6 13. Be3 Ndc5 14. Qa3 Bb7 15. Rac1 Qd7 16. Rfd1 Rfc8 17. Nxe4 1/2-1/2

[Event "Bodensee Seniors op"]
[Site "Bregenz"]
[Date "2023.05.17"]
[Round "5"]
[White "Clemens, Christian"]
[Black "Korth, Manfred"]
[Result "1-0"]
[WhiteElo "2238"]
[BlackElo "1915"]
[PlyCount "61"]
[EventDate "2023.05.13"]
[EventType "swiss"]
[EventRounds "7"]
[EventCountry "AUT"]
[SourceTitle "CBM 214 Extra"]
[Source "ChessBase"]
[SourceDate "2023.07.31"]
[SourceVersion "1"]
[SourceVersionDate "2023.07.31"]
[SourceQuality "1"]

1. g3 d6 2. d4 e5 3. Bg2 Be7 4. e4 c6 5. a4 a5 6. Ne2 Nf6 7. Nbc3 0-0 8. h3 Nbd7 9. 0-0 exd4 10. Nxd4 Nc5 11. Re1 Re8 12. Kh2 Bf8 13. f4 Qd7 14. g4 h6 15. Nf5 Qc7 16. Ng3 Be6 17. Be3 Rad8 18. Qd2 Qe7 19. Bd4 Nxg4+ 20. hxg4 Qh4+ 21. Bh3 Bxg4 22. Qg2 Bxh3 23. Qxh3 Qxf4 24. Rad1 Nd7 25. Rf1 Qg5 26. Rf5 Qg6 27. Rg1 Ne5 28. Nh5 Qe6 29. Nf6+ Kh8 30. Qxh6+ gxh6 31. Rg8# 1-0

[Event "Bodensee Seniors op"]
[Site "Bregenz"]
[Date "2023.05.13"]
[Round "1"]
[White "Clemens, Christian"]
[Black "Schmoller, Josef"]
[Result "1-0"]
[WhiteElo "2238"]
[BlackElo "1777"]
[PlyCount "91"]
[EventDate "2023.05.13"]
[EventType "swiss"]
[EventRounds "7"]
[EventCountry "AUT"]
[SourceTitle "CBM 214 Extra"]
[Source "ChessBase"]
[SourceDate "2023.07.31"]
[SourceVersion "1"]
[SourceVersionDate "2023.07.31"]
[SourceQuality "1"]

1. g3 d5 2. Nf3 Nf6 3. Bg2 Nc6 4. d4 Bf5 5. 0-0 e6 6. c4 Be7 7. Nc3 0-0 8. Ne5 Nxe5 9. dxe5 Ne4 10. cxd5 exd5 11. Nxd5 Bc5 12. Be3 Re8 13. Bxc5 Nxc5 14. Rc1 Na6 15. Ne3 Bc8 16. Qxd8 Rxd8 17. Rfd1 Re8 18. f4 Rb8 19. a3 Kf8 20. b4 c6 21. Nc4 Bg4 22. Kf2 Nc7 23. h3 Be6 24. Nd6 Red8 25. f5 Bb3 26. Rd3 Ba4 27. Ke3 Ke7 28. Kf4 h6 29. g4 Ne8 30. Nxe8 Rxe8 31. Rd6 Rbd8 32. f6+ Kf8 33. fxg7+ Kxg7 34. e4 Bb3 35. Rc3 Be6 36. Rcd3 Rb8 37. h4 f6 38. exf6+ Kxf6 39. g5+ hxg5+ 40. hxg5+ Kg7 41. Bh3 Rf8+ 42. Ke5 Bc4 43. Rd7+ Kg6 44. Bf5+ Kxg5 45. Rg7+ Kh4 46. Rh3# 1-0

[Event "GER-chT Seniors 25th"]
[Site "Magdeburg"]
[Date "2016.10.14"]
[Round "6.1"]
[White "Clemens, Christian"]
[Black "Krueger, Erich"]
[Result "1/2-1/2"]
[WhiteElo "2214"]
[BlackElo "2235"]
[PlyCount "43"]
[EventDate "2016.10.09"]
[EventType "team-swiss"]
[EventRounds "7"]
[EventCountry "GER"]
[SourceTitle "EXT 2019"]
[Source "ChessBase"]
[SourceDate "2018.10.10"]
[SourceVersion "1"]
[SourceVersionDate "2018.10.10"]
[SourceQuality "1"]
[WhiteTeam "Niedersachsen"]
[BlackTeam "Nordrhein Westfalen II"]
[WhiteTeamCountry "GER"]
[BlackTeamCountry "GER"]

1. g3 Nf6 2. Bg2 g6 3. e4 d6 4. d4 Bg7 5. Nc3 0-0 6. Nge2 Nbd7 7. 0-0 c5 8. h3 Rb8 9. a4 b6 10. f4 cxd4 11. Nxd4 Bb7 12. Re1 Ne8 13. a5 bxa5 14. Nb3 Bxc3 15. bxc3 Qc7 16. Be3 Qxc3 17. Nxa5 Nc5 18. Nxb7 Rxb7 19. e5 Rc7 20. Kh2 dxe5 21. fxe5 Ne6 22. Rxa7 1/2-1/2

[Event "GER-chT Seniors 25th"]
[Site "Magdeburg"]
[Date "2016.10.13"]
[Round "5.21"]
[White "Wuttke, Hans"]
[Black "Clemens, Christian"]
[Result "1/2-1/2"]
[WhiteElo "2142"]
[BlackElo "2214"]
[PlyCount "29"]
[EventDate "2016.10.09"]
[EventType "team-swiss"]
[EventRounds "7"]
[EventCountry "GER"]
[SourceTitle "EXT 2019"]
[Source "ChessBase"]
[SourceDate "2018.10.10"]
[SourceVersion "1"]
[SourceVersionDate "2018.10.10"]
[SourceQuality "1"]
[WhiteTeam "Brandenburg"]
[BlackTeam "Niedersachsen"]
[WhiteTeamCountry "GER"]
[BlackTeamCountry "GER"]

1. c4 e5 2. g3 Nc6 3. Bg2 Nf6 4. Nc3 Bc5 5. e3 a6 6. Nge2 d6 7. 0-0 0-0 8. d4 exd4 9. exd4 Ba7 10. h3 h6 11. Be3 Ne7 12. b4 c6 13. a3 d5 14. c5 Bb8 15. Bf4 1/2-1/2

[Event "GER-chA Seniors 28th"]
[Site "Niederhausen"]
[Date "2016.08.21"]
[Round "9"]
[White "Brettschneider, Karl"]
[Black "Clemens, Christian"]
[Result "0-1"]
[WhiteElo "1854"]
[BlackElo "2205"]
[PlyCount "120"]
[EventDate "2016.08.13"]
[EventType "swiss"]
[EventRounds "9"]
[EventCountry "GER"]
[SourceTitle "EXT 2019"]
[Source "ChessBase"]
[SourceDate "2018.10.10"]
[SourceVersion "1"]
[SourceVersionDate "2018.10.10"]
[SourceQuality "1"]

1. c4 e5 2. Nc3 Nc6 3. g3 Bc5 4. e3 Nf6 5. Bg2 d5 6. Nxd5 Nxd5 7. cxd5 Nb4 8. d4 exd4 9. exd4 Bf5 10. dxc5 Nc2+ 11. Ke2 Nxa1 12. Qa4+ Kf8 13. Bf4 Qe7+ 14. Be3 Nc2 15. Qf4 Re8 16. Kd2 Nxe3 17. fxe3 Qxc5 18. Qxf5 Qxe3+ 19. Kc2 Qc5+ 20. Kd2 Qd4+ 21. Kc2 Qc4+ 22. Kd2 Qxa2 23. Qc2 Qa5+ 24. Qc3 Qb5 25. Bf3 h5 26. Ne2 Rxe2+ 27. Bxe2 Qxd5+ 28. Qd3 Qg5+ 29. Kc2 Rh6 30. Rd1 Qc5+ 31. Qc3 Qe7 32. Qa3 Qxa3 33. bxa3 Rc6+ 34. Kb3 g6 35. Bf3 Rb6+ 36. Kc4 Ke7 37. Rd3 c6 38. h3 Rb1 39. g4 hxg4 40. hxg4 Rc1+ 41. Rc3 Rf1 42. Rb3 Kd6 43. Rd3+ Kc7 44. Be2 Rf2 45. Re3 Rf4+ 46. Kc3 b5 47. Rf3 Rxf3+ 48. Bxf3 f5 49. gxf5 gxf5 50. Kb4 Kb6 51. Kc3 c5 52. Kb3 c4+ 53. Kb4 a5+ 54. Kc3 Kc5 55. Be2 b4+ 56. axb4+ axb4+ 57. Kb2 Kd4 58. Bh5 f4 59. Be2 c3+ 60. Kb3 Ke3 0-1

[Event "GER-chA Seniors 28th"]
[Site "Niederhausen"]
[Date "2016.08.16"]
[Round "4"]
[White "Clemens, Christian"]
[Black "Schorra, Helmut"]
[Result "1-0"]
[WhiteElo "2205"]
[BlackElo "2064"]
[PlyCount "77"]
[EventDate "2016.08.13"]
[EventType "swiss"]
[EventRounds "9"]
[EventCountry "GER"]
[SourceTitle "EXT 2019"]
[Source "ChessBase"]
[SourceDate "2018.10.10"]
[SourceVersion "1"]
[SourceVersionDate "2018.10.10"]
[SourceQuality "1"]

1. Nf3 Nf6 2. g3 d5 3. Bg2 g6 4. c4 Bg7 5. d4 0-0 6. 0-0 Nc6 7. b3 Re8 8. Bb2 a5 9. Nc3 dxc4 10. bxc4 Bg4 11. d5 Bxf3 12. exf3 Ne5 13. Qe2 Ned7 14. Rad1 e6 15. dxe6 Rxe6 16. Qc2 Qb8 17. f4 c6 18. Ba3 Bf8 19. Bb2 Qc7 20. f5 Rd6 21. Rde1 Rd8 22. Ba3 Rd4 23. Ne2 Rg4 24. Bc1 gxf5 25. h3 Rg7 26. Nd4 Ne5 27. Nxf5 Nd3 28. Rd1 Nb4 29. Qb2 Rg6 30. Nh4 Bg7 31. Bf4 Qc8 32. Nxg6 hxg6 33. Be5 Ne8 34. Bxg7 Nxg7 35. a3 Rxd1 36. Rxd1 Na6 37. Qb6 Qc7 38. Qxc7 Nxc7 39. Rd8+ 1-0

[Event "GER-chT Seniors 24th"]
[Site "Berlin"]
[Date "2015.09.10"]
[Round "5.1"]
[White "Clemens, Christian"]
[Black "Ackermann, Hans Werner"]
[Result "1/2-1/2"]
[WhiteElo "2211"]
[BlackElo "2333"]
[PlyCount "79"]
[EventDate "2015.09.06"]
[EventType "team-swiss"]
[EventRounds "7"]
[EventCountry "GER"]
[SourceTitle "EXT 2018"]
[Source "ChessBase"]
[SourceDate "2017.10.13"]
[SourceVersion "1"]
[SourceVersionDate "2017.10.13"]
[SourceQuality "1"]
[WhiteTeam "Niedersachsen Seniors"]
[BlackTeam "Mecklenburg Vorpommern Seniors"]
[WhiteTeamCountry "GER"]
[BlackTeamCountry "GER"]

1. g3 e5 2. c4 Nc6 3. Bg2 Nf6 4. Nc3 Bc5 5. a3 d6 6. e3 0-0 7. Nge2 Re8 8. d3 Bb6 9. 0-0 Ne7 10. b4 c6 11. d4 h6 12. Bb2 Nf5 13. dxe5 dxe5 14. c5 Bc7 15. Qc2 Be6 16. Rfd1 Qc8 17. e4 Ne7 18. Rd2 Bh3 19. Bh1 h5 20. Nd1 b6 21. Ne3 Qe6 22. Nc4 Rad8 23. Rad1 Rxd2 24. Rxd2 Nc8 25. Ne3 g6 26. b5 Ne7 27. Nc3 bxc5 28. bxc6 Qxc6 29. Ncd5 Nexd5 30. exd5 Qa6 31. Nc4 Nd7 32. d6 Ba5 33. Re2 Bd8 34. Bd5 Be6 35. Bxe6 Rxe6 36. Nxe5 Nxe5 37. Rxe5 Qxd6 38. Rxc5 Bf6 39. Rc8+ Kg7 40. Bxf6+ 1/2-1/2

[Event "GER-chA Seniors 27th"]
[Site "Magdeburg"]
[Date "2015.08.21"]
[Round "7"]
[White "Hanisch, Friedrich"]
[Black "Clemens, Christian"]
[Result "1-0"]
[WhiteElo "2129"]
[BlackElo "2240"]
[PlyCount "147"]
[EventDate "2015.08.15"]
[EventType "swiss"]
[EventRounds "9"]
[EventCountry "GER"]
[SourceTitle "EXT 2018"]
[Source "ChessBase"]
[SourceDate "2017.10.13"]
[SourceVersion "1"]
[SourceVersionDate "2017.10.13"]
[SourceQuality "1"]

1. d4 f5 2. Nc3 d5 3. Bf4 a6 4. e3 e6 5. Nf3 Nf6 6. Bd3 c5 7. dxc5 Bxc5 8. 0-0 Nc6 9. Ne2 Qb6 10. Rb1 0-0 11. b4 Be7 12. c4 dxc4 13. Bxc4 Rd8 14. Qb3 Nd5 15. a3 Kh8 16. Rfd1 a5 17. b5 a4 18. Qa2 Na5 19. Bxd5 exd5 20. Ned4 Be6 21. Bc7 Qxc7 22. Nxe6 Qc4 23. Qxc4 Nxc4 24. Nxd8 Rxd8 25. Rd3 Bxa3 26. Ne5 Nxe5 27. Rxa3 Kg8 28. Rxa4 Kf7 29. Rd1 Ke6 30. Rad4 Rd7 31. h3 Nc4 32. Kf1 Na3 33. Rb4 Rc7 34. Rb3 Nc4 35. Ke2 Kd6 36. g4 fxg4 37. hxg4 Kc5 38. g5 g6 39. Rd4 Re7 40. Rh4 Nd6 41. b6 Ne4 42. f4 Kc4 43. Ra3 Nc3+ 44. Kf2 Ne4+ 45. Kg2 Nc3 46. f5+ Ne4 47. f6 Rf7 48. Rg4 Kc5 49. Rb3 Kd6 50. Rb1 Ke5 51. Rc1 h5 52. gxh6 g5 53. h7 Rxh7 54. Rc7 Rh8 55. f7 Kf5 56. Rxe4 dxe4 57. Re7 Rf8 58. Kg3 Kf6 59. Rxb7 Ke6 60. Ra7 Rb8 61. b7 Kxf7 62. Kg4 Ke6 63. Ra6+ Kd5 64. Rb6 Kc5 65. Rb1 Kc4 66. Kxg5 Kd3 67. Kf4 Kc2 68. Rb5 Kd3 69. Rd5+ Ke2 70. Rd7 Re8 71. Rc7 Rb8 72. Kxe4 Re8+ 73. Kd4 Rd8+ 74. Kc5 1-0

[Event "GER-chA Seniors 26th"]
[Site "Bad Neuenahr"]
[Date "2014.08.13"]
[Round "9"]
[White "Ackermann, Hans Werner"]
[Black "Clemens, Christian"]
[Result "1-0"]
[WhiteElo "2252"]
[BlackElo "2235"]
[PlyCount "59"]
[EventDate "2014.08.05"]
[EventType "swiss"]
[EventRounds "9"]
[EventCountry "GER"]
[SourceTitle "EXT 2018"]
[Source "ChessBase"]
[SourceDate "2017.10.13"]
[SourceVersion "1"]
[SourceVersionDate "2017.10.13"]
[SourceQuality "1"]

1. Nf3 f5 2. d4 Nf6 3. g3 e6 4. c4 c6 5. Qb3 d6 6. Nc3 Qc7 7. Bf4 Nh5 8. Rd1 Be7 9. Bg5 e5 10. c5 Bxg5 11. cxd6 Qxd6 12. Nxg5 Qe7 13. h4 exd4 14. Rxd4 Na6 15. e3 h6 16. Nh3 Nc5 17. Qd1 Nf6 18. Nf4 Kf7 19. Bc4+ Be6 20. Be2 Rhd8 21. 0-0 b5 22. Qc2 g5 23. hxg5 hxg5 24. Nxe6 Kxe6 25. g4 Nxg4 26. Bxg4 fxg4 27. Ne4 Nb7 28. Qxc6+ Kf7 29. Rfd1 a6 30. Rd7 1-0

[Event "GER-chA Seniors 26th"]
[Site "Bad Neuenahr"]
[Date "2014.08.11"]
[Round "7"]
[White "Villing, Dieter"]
[Black "Clemens, Christian"]
[Result "0-1"]
[WhiteElo "2097"]
[BlackElo "2235"]
[PlyCount "72"]
[EventDate "2014.08.05"]
[EventType "swiss"]
[EventRounds "9"]
[EventCountry "GER"]
[SourceTitle "EXT 2018"]
[Source "ChessBase"]
[SourceDate "2017.10.13"]
[SourceVersion "1"]
[SourceVersionDate "2017.10.13"]
[SourceQuality "1"]

1. e4 Nf6 2. e5 Nd5 3. d4 d6 4. Nf3 dxe5 5. Nxe5 c6 6. Be2 Nd7 7. Nf3 N7f6 8. c4 Nb6 9. Nc3 Bg4 10. Be3 e6 11. Qb3 Qc7 12. h3 Bh5 13. g4 Bg6 14. Ne5 Nfd7 15. Bf4 Nxe5 16. Bxe5 Qe7 17. c5 Nd5 18. Bd6 Qd7 19. Nb5 a5 20. Bxf8 Kxf8 21. Nd6 Ke7 22. 0-0 b6 23. f4 bxc5 24. dxc5 Rhb8 25. Qa3 f5 26. Bc4 Rb4 27. Rae1 Kf8 28. Re5 Qa7 29. Rxe6 Qxc5+ 30. Kh1 Nc7 31. Rfe1 Nxe6 32. Rxe6 Rd8 33. Qd3 fxg4 34. Rxg6 Rxc4 35. Rg5 Rc1+ 36. Kg2 Qg1# 0-1

[Event "GER-chA Seniors 26th"]
[Site "Bad Neuenahr"]
[Date "2014.08.10"]
[Round "6"]
[White "Clemens, Christian"]
[Black "Lotzien, Hans"]
[Result "1-0"]
[WhiteElo "2235"]
[BlackElo "2146"]
[PlyCount "71"]
[EventDate "2014.08.05"]
[EventType "swiss"]
[EventRounds "9"]
[EventCountry "GER"]
[SourceTitle "EXT 2018"]
[Source "ChessBase"]
[SourceDate "2017.10.13"]
[SourceVersion "1"]
[SourceVersionDate "2017.10.13"]
[SourceQuality "1"]

1. g3 d5 2. Nf3 c6 3. Bg2 Bf5 4. c4 e6 5. b3 Be7 6. Bb2 Bf6 7. d4 Ne7 8. Nc3 Nd7 9. 0-0 0-0 10. Re1 Nc8 11. e4 dxe4 12. Nxe4 Bxe4 13. Rxe4 Re8 14. Qc2 Nd6 15. Re2 Qa5 16. Rae1 Rad8 17. Bc3 Qc7 18. h4 Nf8 19. Ne5 Nf5 20. Qb2 Ng6 21. h5 Nf8 22. Bh3 Bxe5 23. Rxe5 Nd7 24. R5e2 Nxg3 25. fxg3 Qxg3+ 26. Bg2 Nf6 27. Re3 Qg5 28. Re5 Qh4 29. R1e3 c5 30. d5 exd5 31. Rxe8+ Nxe8 32. Qe2 Nd6 33. Bxd5 h6 34. Qg2 Nf5 35. Rf3 Nd4 36. Rxf7 1-0

[Event "GER-chA Seniors 26th"]
[Site "Bad Neuenahr"]
[Date "2014.08.06"]
[Round "2"]
[White "Clemens, Christian"]
[Black "Hanisch, Friedrich"]
[Result "1/2-1/2"]
[WhiteElo "2235"]
[BlackElo "2134"]
[PlyCount "54"]
[EventDate "2014.08.05"]
[EventType "swiss"]
[EventRounds "9"]
[EventCountry "GER"]
[SourceTitle "EXT 2018"]
[Source "ChessBase"]
[SourceDate "2017.10.13"]
[SourceVersion "1"]
[SourceVersionDate "2017.10.13"]
[SourceQuality "1"]

1. g3 d5 2. Nf3 Nf6 3. Bg2 g6 4. d4 Bg7 5. 0-0 0-0 6. c4 c6 7. b3 Ne4 8. Bb2 Nd7 9. Nc3 Ndf6 10. Rc1 Bh6 11. e3 Nxc3 12. Bxc3 Bg4 13. h3 Bxf3 14. Bxf3 e6 15. Qc2 Nd7 16. Kh2 f5 17. Bg2 Nf6 18. Rce1 Qd7 19. f3 Bg7 20. Re2 Rfe8 21. Rfe1 Qf7 22. Bb2 Rad8 23. b4 b5 24. cxb5 cxb5 25. Rc1 Qd7 26. Qc6 Rc8 27. Qxd7 Nxd7 1/2-1/2

[Event "Oberliga Nord W 1314"]
[Site "Germany"]
[Date "2014.03.16"]
[Round "8.3"]
[White "Zeitlein, Michael"]
[Black "Clemens, Christian"]
[Result "1-0"]
[WhiteElo "2385"]
[BlackElo "2234"]
[PlyCount "59"]
[EventDate "2013.10.13"]
[EventType "team-tourn"]
[EventRounds "9"]
[EventCountry "GER"]
[SourceTitle "EXT 2015"]
[Source "ChessBase"]
[SourceDate "2014.11.20"]
[SourceVersion "1"]
[SourceVersionDate "2014.11.20"]
[SourceQuality "1"]
[WhiteTeam "Bremer SG"]
[BlackTeam "Braunschweig"]
[WhiteTeamCountry "GER"]
[BlackTeamCountry "GER"]

1. e4 d5 2. exd5 Nf6 3. d4 Nxd5 4. Nf3 Bg4 5. Be2 e6 6. h3 Bh5 7. a3 Be7 8. c4 Nb6 9. Be3 0-0 10. Nc3 N8d7 11. g4 Bg6 12. h4 f6 13. h5 Bf7 14. c5 Nd5 15. Nxd5 exd5 16. Qc2 Re8 17. Nh4 c6 18. Bd3 Nf8 19. Nf5 Qd7 20. 0-0-0 Be6 21. Rdg1 b6 22. g5 bxc5 23. Nxg7 Kxg7 24. gxf6+ Kh8 25. fxe7 Qxe7 26. dxc5 Nd7 27. Bd4+ Nf6 28. Bxh7 Rf8 29. Bd3 Rg8 30. Qd2 1-0

[Event "MVP-ch Seniors op 13th"]
[Site "Binz"]
[Date "2013.12.03"]
[Round "7"]
[White "Clemens, Christian"]
[Black "Alder, Bodo"]
[Result "1-0"]
[WhiteElo "2152"]
[BlackElo "1949"]
[PlyCount "74"]
[EventDate "2013.11.27"]
[EventType "swiss"]
[EventRounds "9"]
[EventCountry "GER"]
[SourceTitle "EXT 2015"]
[Source "ChessBase"]
[SourceDate "2014.11.20"]
[SourceVersion "1"]
[SourceVersionDate "2014.11.20"]
[SourceQuality "1"]

1. d4 Nf6 2. g3 g6 3. Bg2 d5 4. Nf3 Bg7 5. 0-0 0-0 6. c4 c6 7. b3 Bf5 8. Bb2 Bxb1 9. Qxb1 Nbd7 10. Rd1 e6 11. Ne1 Qa5 12. Nd3 Rac8 13. Qc2 c5 14. dxc5 Nxc5 15. Bc3 Qc7 16. Nxc5 Qxc5 17. Qb2 Qe7 18. cxd5 Rxc3 19. d6 Qd7 20. Qxc3 Nd5 21. Qd2 Bxa1 22. Rxa1 Qxd6 23. Rd1 Qa6 24. e4 Nf6 25. Qd4 Qe2 26. Bf1 Qh5 27. Rc1 e5 28. Qd3 Qg5 29. Rc7 Nh5 30. h4 Qf6 31. Rxb7 Rc8 32. Qd2 a6 33. Bc4 Rf8 34. Rd7 Qf3 35. Qe2 Qc3 36. Kg2 Nf6 37. Rd1 Ne8 1-0

[Event "MVP-ch Seniors op 13th"]
[Site "Binz"]
[Date "2013.12.02"]
[Round "6"]
[White "Neukirch, Detlef"]
[Black "Clemens, Christian"]
[Result "1/2-1/2"]
[WhiteElo "2082"]
[BlackElo "2152"]
[PlyCount "28"]
[EventDate "2013.11.27"]
[EventType "swiss"]
[EventRounds "9"]
[EventCountry "GER"]
[SourceTitle "EXT 2015"]
[Source "ChessBase"]
[SourceDate "2014.11.20"]
[SourceVersion "1"]
[SourceVersionDate "2014.11.20"]
[SourceQuality "1"]

1. e4 d5 2. exd5 Qxd5 3. Nc3 Qd6 4. d4 Nf6 5. Nf3 Bg4 6. h3 Bh5 7. g4 Bg6 8. Ne5 Nbd7 9. Bf4 Nd5 10. Nxg6 Qxg6 11. Nxd5 Qe4+ 12. Ne3 Qxf4 13. Bg2 0-0-0 14. Qf3 Qxf3 1/2-1/2

[Event "MVP-ch Seniors op 13th"]
[Site "Binz"]
[Date "2013.11.27"]
[Round "1"]
[White "Clemens, Christian"]
[Black "Engelhardt, Erhard"]
[Result "1/2-1/2"]
[WhiteElo "2152"]
[BlackElo "1707"]
[PlyCount "110"]
[EventDate "2013.11.27"]
[EventType "swiss"]
[EventRounds "9"]
[EventCountry "GER"]
[SourceTitle "EXT 2015"]
[Source "ChessBase"]
[SourceDate "2014.11.20"]
[SourceVersion "1"]
[SourceVersionDate "2014.11.20"]
[SourceQuality "1"]

1. g3 e6 2. Bg2 d5 3. Nf3 Bd6 4. c4 c6 5. d4 f5 6. 0-0 Nf6 7. Nc3 0-0 8. Rb1 Qe7 9. Qc2 Ne4 10. a3 a5 11. Ne1 Nd7 12. Nxe4 fxe4 13. f3 exf3 14. Nxf3 Nf6 15. Bg5 h6 16. Bxf6 Rxf6 17. e4 dxe4 18. Qxe4 Bd7 19. c5 Bc7 20. Rbe1 Raf8 21. Nh4 Be8 22. Bh3 Rxf1+ 23. Bxf1 Rf6 24. Bc4 Bf7 25. b4 axb4 26. axb4 Qd7 27. Ra1 g5 28. Ng2 Kg7 29. Re1 b6 30. Rf1 Bg6 31. Qe2 Rxf1+ 32. Kxf1 Bf7 33. Ne1 bxc5 34. dxc5 Qe7 35. Kg2 Qf6 36. Nd3 Qf5 37. h3 Qf6 38. Nf2 Qe5 39. Qxe5+ Bxe5 40. Kf3 Bc3 41. b5 cxb5 42. Bxb5 Bd4 43. c6 Bb6 44. Ne4 e5 45. Nc3 Kf6 46. Ke4 Bb3 47. Ba4 Bc4 48. Nd5+ Bxd5+ 49. Kxd5 Bc7 50. g4 Ke7 51. Bc2 Kf6 52. Bf5 Ke7 53. Bd7 Bd6 54. Ke4 Kf6 55. Kd5 Ke7 1/2-1/2

[Event "Oberliga Nord W 1213"]
[Site "Germany"]
[Date "2012.12.09"]
[Round "4.4"]
[White "Clemens, Christian"]
[Black "Juhnke, Juergen"]
[Result "1/2-1/2"]
[WhiteElo "2254"]
[BlackElo "2273"]
[PlyCount "49"]
[EventDate "2012.10.14"]
[EventType "team-tourn"]
[EventRounds "9"]
[EventCountry "GER"]
[SourceTitle "EXT 2014"]
[Source "ChessBase"]
[SourceDate "2013.11.20"]
[SourceVersion "1"]
[SourceVersionDate "2013.11.20"]
[SourceQuality "1"]
[WhiteTeam "Braunschweig Gliesmarode"]
[BlackTeam "Lister Turm"]
[WhiteTeamCountry "GER"]
[BlackTeamCountry "GER"]

1. g3 Nf6 2. Bg2 g6 3. e4 d6 4. d4 Bg7 5. Nc3 0-0 6. Nge2 e5 7. h3 Nc6 8. Be3 exd4 9. Nxd4 Bd7 10. 0-0 Re8 11. Re1 a6 12. g4 Na5 13. g5 Nh5 14. b3 b5 15. Rc1 b4 16. Nd5 c6 17. Nf4 Nxf4 18. Bxf4 d5 19. Qd2 c5 20. Ne2 dxe4 21. Rcd1 Bb5 22. Qxd8 Raxd8 23. Rxd8 Rxd8 24. Bxe4 Nc6 25. Be3 1/2-1/2

[Event "GER-chT Seniors 21st"]
[Site "Berlin"]
[Date "2012.09.16"]
[Round "7.9"]
[White "Wuttke, Hans"]
[Black "Clemens, Christian"]
[Result "1-0"]
[WhiteElo "2142"]
[BlackElo "2168"]
[PlyCount "103"]
[EventDate "2012.09.10"]
[EventType "team-swiss"]
[EventRounds "7"]
[EventCountry "GER"]
[SourceTitle "CBM 150 Extra"]
[Source "ChessBase"]
[SourceDate "2012.10.19"]
[SourceVersion "1"]
[SourceVersionDate "2012.10.19"]
[SourceQuality "1"]
[WhiteTeam "Brandenburg"]
[BlackTeam "Niedersachsen Seniors"]
[WhiteTeamCountry "GER"]
[BlackTeamCountry "GER"]

1. c4 e5 2. g3 Nc6 3. Bg2 Nf6 4. Nc3 Bc5 5. a3 a6 6. e3 0-0 7. Nge2 d6 8. 0-0 Ba7 9. d4 exd4 10. exd4 h6 11. h3 Ne7 12. b3 Rb8 13. a4 Re8 14. Bf4 Ng6 15. Be3 c6 16. Nf4 Ne7 17. Nfe2 d5 18. Bf4 Ra8 19. Be3 Nd7 20. Bf4 dxc4 21. bxc4 Nb6 22. c5 Nbd5 23. Bc1 Bf5 24. Ba3 Qd7 25. Kh2 Rad8 26. Nxd5 Nxd5 27. Qd2 Bb8 28. Bb2 h5 29. Ng1 h4 30. Ra3 f6 31. Re1 Rxe1 32. Qxe1 Re8 33. Qd2 Qe6 34. Bc1 g5 35. Rb3 Re7 36. Qd1 Be4 37. Qe2 b5 38. cxb6 a5 39. Ba3 Nb4 40. Re3 hxg3+ 41. fxg3 f5 42. Bxb4 axb4 43. Bxe4 fxe4 44. Qg4 Qd6 45. Ne2 Qd5 46. h4 Rg7 47. Qxe4 Qxe4 48. Rxe4 gxh4 49. Re8+ Kh7 50. Rxb8 hxg3+ 51. Kg2 b3 52. b7 1-0